Top 50 ACTIVE Strikeout Leaders - Statistics

General Stats
  • This quiz has been taken 34 times
  • The average score is 22 of 50
Answer Stats
Rank Team SO POS Player % Correct
3. LAD 2,968 SP Clayton Kershaw
100%
5. NYY 2,251 SP Gerrit Cole
100%
2. TOR 3,407 SP Max Scherzer
100%
1. SF 3,416 SP Justin Verlander
97%
4. ATL 2,414 SP Chris Sale
93%
17. PHI 1,625 SP Zack Wheeler
79%
15. TEX 1,666 SP Jacob deGrom
76%
10. PHI 1,779 SP Aaron Nola
72%
20. LAD 1,368 SP Blake Snell
72%
45. ARI 1,051 SP Corbin Burnes
72%
8. SD 2,007 SP Yu Darvish
72%
30. TEX 1,211 SP Jon Gray
69%
14. STL 1,724 SP Sonny Gray
69%
6. BAL 2,047 SP Charlie Morton
66%
50. SD 1,016 SP Dylan Cease
66%
28. BOS 1,246 CP Aroldis Chapman
62%
22. TOR 1,343 SP José Berrios
59%
11. TOR 1,765 SP Kevin Gausman
59%
29. LAA 1,221 CP Kenley Jansen
55%
32. NYY 1,204 SP/RP Marcus Stroman
55%
23. SEA 1,331 SP Luis Castillo
52%
31. NYY 1,206 SP Carlos Rodón
48%
21. TEX 1,358 SP Nathan Eovaldi
48%
33. FA 1,173 SP Alex Wood
45%
25. FA 1,265 RP/CP Craig Kimbrel
41%
7. FA 2,015 SP Lance Lynn
41%
18. SF 1,548 SP Robbie Ray
41%
24. KC 1,290 SP Michael Wacha
34%
41. DET 1,108 SP Alex Cobb
31%
16. NYY 1,662 SP Carlos Carrasco
31%
T - 34 ARI 1,154 SP Eduardo Rodríguez
31%
46. SD 1,050 SP Joe Musgrove
31%
26. LAA 1,259 SP Kyle Hendricks
31%
49. TOR 1,025 SP Chris Bassitt
28%
T - 39 NYM 1,109 SP Sean Manaea
28%
13. MIL 1,727 SP Jose Quintana
24%
37. SD 1,139 SP Nick Pivetta
24%
47. DET 1,047 SP Kenta Maeda
17%
42. BOS 1,077 SP Lucas Giolito
17%
T - 39 CWS 1,109 SP Marín Pérez
17%
12. FA 1,729 SP Patrick Corbin
17%
9. FA 1,857 SP Johnny Cueto
14%
19. STL 1,510 SP Kyle Gibson
14%
43. PIT 1,070 SP Andrew Heaney
10%
27. FA 1,254 SP Dallas Keuchel
7%
T - 34 FA 1,154 RP David Robertson
3%
48. TEX 1,036 SP Jesse Chavez
3%
44. BOS 1,053 RP Matt Moore
3%
38. FA 1,119 SP Drew Smyly
0%
36. FA 1,145 SP Jordan Lyles
0%
No matching quizzes found
Score Distribution
Percent of People with Each Score
Percentile by Number Answered
Your Score History
You have not taken this quiz